Olympischer Medaillenspiegel - London 1948 - Statistiken

Allgemein
  • Dieses Quiz wurde 12 mal gespielt
  • Das Durchschnittsergebnis liegt bei 8 aus 10
Antwortstatistiken
Gold Silber Bronze Gesamt Land % Korrekt
38 27 19 84 Vereinigte Staaten
100%
8 7 5 20 Finnland
92%
16 11 17 44 Schweden
92%
10 6 13 29 Frankreich
83%
8 11 8 27 Italien
83%
5 7 8 20 Dänemark
75%
3 14 6 23 Großbritannien
75%
5 2 9 16 Niederlande
75%
5 10 5 20 Schweiz
67%
10 5 12 27 Ungarn
67%
Keine übereinstimmenden Quizze gefunden
Verteilung der Resultate
Anzahl Personen mit jedem Resultat
Perzentil nach korrekt beantworteten Fragen
Ihre Resultats-Entwicklung
Sie haben dieses Quiz noch nicht gespielt